| 000 | 00846cam a2200229 4500 | ||
|---|---|---|---|
| 001 | ABS62783 | ||
| 008 | 000000n2000 000 0 eng u | ||
| 035 | _a(Sirsi) u107897 | ||
| 100 | _aWilliams, P. | ||
| 245 | _aWhen is three a crowd? | ||
| 260 | _c2000 | ||
| 490 |
_aEstates Gazette _v(0031) 5 August 2000, 81(1) |
||
| 520 | _aLooks at the general principles relating to conflicts and issues of confidentiality that apply to solicitors and in particular, the specific rules that govern when they are permitted to act for both buyer and seller or landlord and tenant. | ||
| 590 | _aABS | ||
| 650 | _aSOLICITORS | ||
| 650 | _aCONFIDENTIALITY | ||
| 650 | _aCONFLICTS OF INTEREST | ||
| 650 | _aPROFESSIONAL CONDUCT | ||
| 650 | _aPROPERTY TRANSACTIONS | ||
| 690 | _aMANAGEMENT-BUSINESS MANAGEMENT-PROFESSIONAL PRACTICE | ||
| 942 | _n0 | ||
| 999 |
_c64449 _d64449 |
||